Statistiques concernant Marques les plus citées dans les morceaux de rap français

Cliquez ici pour prendre le quiz!

Statistiques générales

  • Ce quiz a été pris 1 043 fois
  • Le résultat moyen est 10 sur 20

Statistiques - réponses

#DomainesMarques% Correct
137HorlogerieRolex
94%
206LuxeGucci
84%
128LuxeLouis Vuitton
83%
66AutomobileMercedes-Benz
83%
53AutomobileFerrari
82%
212AutomobileAudi
80%
51HabillementNike
57%
59LuxeChristian Dior
53%
49LuxeChanel
52%
55AutomobilePorsche
52%
52HorlogerieAudemars Piguet
38%
58LuxePrada
35%
40LuxeHermès
31%
41HabillementLacoste
31%
79LuxeFendi
26%
51HorlogerieCartier
24%
41HorlogeriePatek Philippe
23%
72LuxeVersace
20%
39AlcoolHennessy
17%
41HabillementBalmain
8%

Distribution des résultats

Percentile par nombre de réponses

% des personnes avec chaque résultat

Votre développement - résultats

Vous n’avez pas pris ce quiz